| 000 | 00684nam a22002177a 4500 | ||
|---|---|---|---|
| 999 |
_c15092 _d15092 |
||
| 003 | MIRAKIL | ||
| 005 | 20221208145328.0 | ||
| 008 | 221208b tu ||||| |||| 00| 0 tur d | ||
| 020 | _a9786054067381 | ||
| 040 |
_aTR-AnCHP _cTR-AnCHP |
||
| 041 | _atur | ||
| 082 |
_a910.9156511 _bE62e 2021 |
||
| 100 | _aErdoğan, Abdülkerim | ||
| 245 | 1 | 0 |
_aEvliya Çelebi seyahatnamesi’nde Ankara/ _cAbdülkerim Erdoğan. |
| 250 | _a2. bsk. | ||
| 260 |
_aAnkara : _bAnkara Büyükşehir Belediye Başkanlığı, _c2021. |
||
| 300 |
_a160 s.: _bfotg.; _c28 sm. |
||
| 504 | _aKaynakça vardır. | ||
| 651 | 0 |
_97085 _aAnkara (Türkiye) _xTarih _xEvliya Çelebi Seyahatnamesi |
|
| 942 |
_2ddc _cBKS |
||